| 000 | 00863nam a2200229Ii 4500 | ||
|---|---|---|---|
| 003 | JO-AjNU | ||
| 008 | 230605s9999||||xx |||||||||||||| ||und|| | ||
| 017 | _a2007/2648 | ||
| 020 | _a977-09-1964-5 | ||
| 040 |
_aJO-AjNU _bara _erda _cJO-AjNU |
||
| 041 | _aara | ||
| 050 | 1 | 4 | _aK5015.2007 |
| 100 | 3 |
_a بسيوني ، محمود شريف , _eauthor _932497 |
|
| 245 | 0 | 0 | _aمدخل لدراسة القانون الجنائي الدولي : ماهيته ، نطاقة ، تطبيقه ، حاضرة ، مستقبله |
| 250 | _aط1 | ||
| 264 | 3 | 1 | _aالقاهرة : دار الشروق ، 2007 |
| 300 | _a473ص | ||
| 336 |
_atext _btxt _2rdacontent |
||
| 337 |
_aunmediated _bn _2rdamedia |
||
| 338 |
_avolume _bnc _2rdacarrier |
||
| 650 | 4 |
_aقوانيين -- القانون الجنائي الدولي -- القانون الإنساني الدولي _932498 |
|
| 999 |
_aA13126 _c16694 _d16694 |
||